000 01215nam a2200229Ia 4500
003 Ost
005 20260507075128.0
008 260507s9999||||xx |||||||||||||| ||und||
040 _cfsecg
041 _aara
082 _a330
100 _aالكبيسي، صلاح الدين
_eمؤلف
245 0 _aإدارة المعرفة /
_c صلاح الدين الكبيسي
260 _aالقاهرة:
_bالمنظمة العربية للتنمية الإدارية,
_c2005
300 _a205 صفحة؛
_bإيضاحات ؛
_c25 سم
490 _aسلسلة بحوث ودراسات
_v399
520 _aتأطير مفاهيمي ومنطلقات نظرية- إدارة المعرفة مفاهيم أساسية- عمليات إدارة المعرفة- العناصر الأساسية لإدارة المعرفة واستراتيجياتها ومقاييسها- تحديات تنفيذ إدارة المعرفة- إدارة المعرفة والإقتصاد المعرفي- دراسات ونماذج عالمية في مجال إدارة المعرفة.
653 _aإدارة المعرفة
653 _aالمعرفة
700 _aالمحياوي، سعد زناد
_eمؤلف ثانوي
942 _cكتاب
999 _c43186
_d43186